Quaterly Economic Review of Nicaragua, Costa Rica, Panamá

Uloženo v:
Podrobná bibliografie
Korporativní autor: The Economist Intelligence Unit
Médium: Text
Vydáno: Londres: EIU
Tagy: Přidat tag
Žádné tagy, Buďte první, kdo vytvoří štítek k tomuto záznamu!

MARC

LEADER 00000 a a2200000 04500
001 23462
003
040 |a CRAI/IIS  |c CRAI/IIS 
090 |a 163600  
110 |a The Economist Intelligence Unit  
245 |a Quaterly Economic Review of Nicaragua, Costa Rica, Panamá  
260 |a Londres:   |b EIU  
300 |a 24 p.  
999 |c 16269  |d 16269